Letters of the alphabet - Statistics

General Stats
  • This quiz has been taken 87 times
    84 since last reset
  • The average score is 24 of 26
Answer Stats
letter % Correct
a
100%
b
100%
c
100%
d
100%
e
100%
f
97%
g
93%
h
90%
i
90%
j
90%
k
90%
l
90%
m
90%
n
90%
o
90%
p
90%
q
90%
r
90%
s
90%
t
90%
u
86%
v
86%
w
86%
x
86%
y
83%
z
79%
No matching quizzes found
Score Distribution
Percent of People with Each Score
Percentile by Number Answered
Your Score History
You have not taken this quiz since the last reset